|
|
|
|
| LEADER |
01014nam#a2200313#a#4500 |
| 001 |
013529 |
| 005 |
20160721152230.0 |
| 008 |
981020q1997####ag##################spa#d |
| 020 |
|
|
|a 9509824046
|
| 040 |
|
|
|a AR-beUNQ
|
| 099 |
|
|
|a 00-B9
|
| 100 |
1 |
|
|a Bulgheroni, Raúl
|
| 245 |
0 |
0 |
|a Summa Chaqueña
|c Raúl Bulgheroni.
|
| 260 |
|
|
|a Buenos Aires :
|b Bridas,
|c [1997]
|
| 300 |
|
|
|a
|b il. col., mapas
|
| 490 |
0 |
|
|a Argentina : imagen de un país
|
| 650 |
|
7 |
|a MATERIALES DE REFERENCIA
|2 Spines
|
| 650 |
|
7 |
|a GEOGRAFIA FISICA
|2 Spines
|
| 650 |
|
7 |
|a GEOGRAFIA REGIONAL
|2 Spines
|
| 650 |
|
7 |
|a HISTORIA
|2 Spines
|
| 650 |
|
7 |
|a GEOGRAFIA URBANA
|2 Spines
|
| 650 |
|
7 |
|a DEMOGRAFIA GEOGRAFICA
|2 Spines
|
| 651 |
|
7 |
|a ARGENTINA
|2 Spines
|
| 651 |
|
7 |
|a REGION CHAQUEÑA
|2 Spines
|
| 651 |
|
7 |
|a NORDESTE
|2 Spines
|
| 929 |
|
|
|a COMPRA
|b Fundación A. Bulgheroni Botto
|d 4,00E
|e 19981020
|g Exp. 0387/98
|j 24238
|
| 929 |
|
|
|a COMPRA
|b Fundación A. Bulgheroni Botto
|d 4,00E
|e 19981020
|g Exp. 0387/98
|j 24239
|
| 942 |
|
|
|c LIB
|n 0
|
| 999 |
|
|
|c 15931
|d 91318
|